Tribhuvan University Central Library

Nepalma samantavad (Record no. 33245)

MARC details
000 -LEADER
fixed length control field 005910000a22002650004500
015 ## - NATIONAL BIBLIOGRAPHY NUMBER
National bibliography number NNB
082 ## - DEWEY DECIMAL CLASSIFICATION NUMBER
Classification number N321.3
Item number A745n
-- N
020 ## - INTERNATIONAL STANDARD BOOK NUMBER
International Standard Book Number 99946-620-3-1
041 ## - LANGUAGE CODE
Language code of text/sound track or separate title Nep
100 ## - MAIN ENTRY--PERSONAL NAME
Personal name Aryal, Murari
245 ## - TITLE STATEMENT
Title Nepalma samantavad
260 ## - PUBLICATION, DISTRIBUTION, ETC. (IMPRINT)
Place of publication, distribution, etc Kathmandu
Name of publisher, distributor, etc Sahasrabdi Prakashan, Nepal
260 ## - PUBLICATION, DISTRIBUTION, ETC. (IMPRINT)
Date of publication, distribution, etc 2061 B.S.
300 ## - PHYSICAL DESCRIPTION
Extent 172p.
365 ## - TRADE PRICE
Price type code Rs.100.00
500 ## - GENERAL NOTE
General note Biblography: p.170-172
518 ## - DATE/TIME AND PLACE OF AN EVENT NOTE
Date/time and place of an event note 20050310
530 ## - ADDITIONAL PHYSICAL FORM AVAILABLE NOTE
Additional physical form available note M
650 ## - SUBJECT ADDED ENTRY--TOPICAL TERM
Topical term or geographic name as entry element Feudalism
650 ## - SUBJECT ADDED ENTRY--TOPICAL TERM
Topical term or geographic name as entry element Economic conditions
650 ## - SUBJECT ADDED ENTRY--TOPICAL TERM
Topical term or geographic name as entry element Communism
650 ## - SUBJECT ADDED ENTRY--TOPICAL TERM
Topical term or geographic name as entry element Communists
651 ## - SUBJECT ADDED ENTRY--GEOGRAPHIC NAME
Geographic name Nepal
942 ## - ADDED ENTRY ELEMENTS (KOHA)
Koha item type General Collections
Holdings
Withdrawn status Lost status Damaged status Not for loan Home library Current library Date acquired Total Checkouts Barcode Date last seen Price effective from Source of classification or shelving scheme Total Renewals Full call number Date checked out Koha item type
        Tribhuvan University Central Library Tribhuvan University Central Library 06/20/2010   127241N 06/20/2010 06/20/2010          
        Tribhuvan University Central Library Tribhuvan University Central Library 06/20/2010   127242N 06/20/2010 06/20/2010          
        Tribhuvan University Central Library Tribhuvan University Central Library 06/20/2010 1 127243 06/10/2016 06/20/2010 Dewey Decimal Classification 1 N321.3 A745n 05/10/2016 General NC
        Tribhuvan University Central Library Tribhuvan University Central Library 06/20/2010   127244 06/20/2010 06/20/2010 Dewey Decimal Classification   N321.3 A745n   General NC
        Tribhuvan University Central Library Tribhuvan University Central Library 06/20/2010   127245 06/20/2010 06/20/2010 Dewey Decimal Classification   N321.3 A745n   General NC